[Event "CAN-ch U18"]
[Site "Sault Ste Marie"]
[Date "2017.07.07"]
[Round "3.13"]
[White "Situ, Andrew"]
[Black "Renaud, Alexandre"]
[Result "1/2-1/2"]
[WhiteElo "1028"]
[BlackElo "1168"]
[PlyCount "44"]
[EventDate "2017.07.06"]
[EventType "swiss"]
[EventRounds "7"]
[EventCountry "CAN"]
[SourceTitle "EXT 2022"]
[Source "ChessBase"]
[SourceDate "2021.10.06"]
[SourceVersion "1"]
[SourceVersionDate "2021.10.06"]
[SourceQuality "1"]

1. e4 c5 2. Nc3 Nc6 3. Nf3 e5 4. Bb5 d6 5. b3 Nf6 6. Ba3 a6 7. Be2 Nd4 8. Bb2 Nxe2 9. Nxe2 Nxe4 10. c3 b5 11. d4 cxd4 12. cxd4 Bg4 13. Qd3 Bf5 14. Qd1 Ng5 15. dxe5 Nxf3+ 16. gxf3 Be7 17. exd6 Bxd6 18. Bxg7 Bb4+ 19. Bc3 Bxc3+ 20. Nxc3 Qe7+ 21. Qe2 Qxe2+ 22. Nxe2 0-0 1/2-1/2